000 00701nam a22001937a 4500
005 20111212152050.0
020 _a9788121938327
_c99.00
037 _bS. Chand Publishing
100 _aEldin, Peter
_936856
245 _aThe most excellent book of how to do card tricks /
_cby Peter Eldin; edited by Katie Roden illustrated by Rob Shone
260 _aNew Delhi
_bS. Chand Publishing
_c2011
270 _a7361, Ram Nagar
_bNew Delhi
_e110055
300 _a32p.
_bill.
_c24cm(pbk)
490 _aMost excellent
_936857
700 _a Roden, Katie
_936858
700 _aShone, Rob
_936859
942 _2ddc
_cCH
_mELD
999 _c59319
_d59319